Shoe dog : a memoir by the creator of nike (Record no. 3212)

MARC details
000 -LEADER
fixed length control field 00442nam a22001817a 4500
003 - CONTROL NUMBER IDENTIFIER
control field OSt
005 - DATE AND TIME OF LATEST TRANSACTION
control field 20230705144927.0
008 - FIXED-LENGTH DATA ELEMENTS--GENERAL INFORMATION
fixed length control field 230705b |||||||| |||| 00| 0 eng d
020 ## - INTERNATIONAL STANDARD BOOK NUMBER
International Standard Book Number 9781471146725
082 ## - DEWEY DECIMAL CLASSIFICATION NUMBER
Classification number 338.7
Item number KNIS
100 ## - MAIN ENTRY--PERSONAL NAME
Personal name KNIGHT, Phil
245 ## - TITLE STATEMENT
Title Shoe dog : a memoir by the creator of nike
260 ## - PUBLICATION, DISTRIBUTION, ETC.
Place of publication, distribution, etc. New Delhi
Name of publisher, distributor, etc. Simon & Schuster
Date of publication, distribution, etc. 2018
300 ## - PHYSICAL DESCRIPTION
Extent 386p
546 ## - LANGUAGE NOTE
Language note English
650 ## - SUBJECT ADDED ENTRY--TOPICAL TERM
Topical term or geographic name entry element Economics
942 ## - ADDED ENTRY ELEMENTS (KOHA)
Source of classification or shelving scheme Dewey Decimal Classification
Koha item type Book
Holdings
Withdrawn status Lost status Source of classification or shelving scheme Damaged status Not for loan Collection code Home library Current library Shelving location Date acquired Source of acquisition Cost, normal purchase price Inventory number Total Checkouts Total Renewals Full call number Barcode Date last seen Date last checked out Price effective from Koha item type Public note
    Dewey Decimal Classification     Non-fiction RIC Library RIC Library General Stacks 07/05/2023 RBSA Pub. 499.00 002/03.04.2023 2 7 338.7 KNIS 002478 03/19/2026 03/11/2026 07/05/2023 Book R-7.4

Venue

Rajasthan International Centre
Sansthan Path,JLN Marg, Jaipur- 302017
Phone: +91-7230904025